000087013 001__ 87013
000087013 005__ 20230926093530.0
000087013 0247_ $$2doi$$a10.17561/rilex.v2.n3.4
000087013 0248_ $$2sideral$$a114377
000087013 037__ $$aART-2019-114377
000087013 041__ $$aspa
000087013 100__ $$0(orcid)0000-0001-6581-9533$$aOrtiz Cruz, Demelsa$$uUniversidad de Zaragoza
000087013 245__ $$aPrecisiones léxicas sobre la indumentaria femenina en el siglo XVIII
000087013 260__ $$c2019
000087013 5060_ $$aAccess copy available to the general public$$fUnrestricted
000087013 5203_ $$aEl presente artículo, partiendo de los datos obtenidos en seis inventarios de bienes aragoneses del siglo XVIII (depositados en los fondos documentales del Archivo Histórico Provincial de Zaragoza), se centra en precisar algunos términos documentados en la centuria ilustrada propios de la indumentaria femenina de las clases altas aragonesas, en particular, vocablos referidos a adornos femeninos de la cabeza (el airón, la piocha y el tembleque), a joyas (los aguacates, las arracadas y broquelillos, la manillera y el reloj de repetición) y algunas voces alusivas a accesorios de ropa para el adorno femenino (en concreto, el excusalí, la falbalá y la palatina). Y todo ello queda ilustrado mediante retratos de la nobleza coetáneos a la documentación analizada.
000087013 540__ $$9info:eu-repo/semantics/openAccess$$aby-nc$$uhttp://creativecommons.org/licenses/by-nc/3.0/es/
000087013 655_4 $$ainfo:eu-repo/semantics/article$$vinfo:eu-repo/semantics/publishedVersion
000087013 7102_ $$13010$$2567$$aUniversidad de Zaragoza$$bDpto. Lingüíst. Gral. e Hisp.$$cÁrea Lengua Española
000087013 773__ $$g2, 3   (2019), 70-93$$pRev. sobre investig. léx.$$tRevista sobre investigaciones léxicas$$x2605-3136
000087013 8564_ $$s1530229$$uhttps://zaguan.unizar.es/record/87013/files/texto_completo.pdf$$yVersión publicada
000087013 8564_ $$s56384$$uhttps://zaguan.unizar.es/record/87013/files/texto_completo.jpg?subformat=icon$$xicon$$yVersión publicada
000087013 909CO $$ooai:zaguan.unizar.es:87013$$particulos$$pdriver
000087013 951__ $$a2023-09-26-09:29:49
000087013 980__ $$aARTICLE